Normal view MARC view
  • JARDINE, QUINTIN

Entry Personal Name

Number of records used in: 1

001 - CONTROL NUMBER

  • control field: 6910

003 - CONTROL NUMBER IDENTIFIER

  • control field: OSt

005 - DATE AND TIME OF LATEST TRANSACTION

  • control field: 20180924111733.0

008 - FIXED-LENGTH DATA ELEMENTS

  • fixed length control field: 180924|| aca||aabn | a|a d

040 ## - CATALOGING SOURCE

  • Original cataloging agency: OSt
  • Transcribing agency: OSt

100 ## - HEADING--PERSONAL NAME

  • Personal name: JARDINE, QUINTIN

670 ## - SOURCE DATA FOUND

  • Source citation: Work cat.: (OSt): JARDINE, QUINTIN, SKINNERS FESTIVAL, 1994

Powered by Koha